Mughal Empire In India (Record no. 4921)

MARC details
000 -LEADER
fixed length control field 00479cam a2200193ua 4500
001 - CONTROL NUMBER
control field 5768
005 - DATE AND TIME OF LATEST TRANSACTION
control field 20260515113932.0
008 - FIXED-LENGTH DATA ELEMENTS--GENERAL INFORMATION
fixed length control field 131025n ii |||gr||||Z||||||eng
040 ## - CATALOGING SOURCE
Transcribing agency MAIN
082 ## - DEWEY DECIMAL CLASSIFICATION NUMBER
Classification number 954.025
100 ## - MAIN ENTRY--PERSONAL NAME
Personal name Sharma,S.R,
Relator term Author.
245 ## - TITLE STATEMENT
Title Mughal Empire In India
Statement of responsibility, etc. by S.R Sharma
250 ## - EDITION STATEMENT
Edition statement 1st/ rep.
260 ## - PUBLICATION, DISTRIBUTION, ETC.
Place of publication, distribution, etc. Delhi:
Name of publisher, distributor, etc. Laxmi Narayan Agarwal,
Date of publication, distribution, etc. 1971.
300 ## - PHYSICAL DESCRIPTION
Extent 525p.
653 ## - INDEX TERM--UNCONTROLLED
Uncontrolled term South Asia India
653 ## - INDEX TERM--UNCONTROLLED
Uncontrolled term Mughal Empire In India
942 ## - ADDED ENTRY ELEMENTS (KOHA)
Koha item type Books
Holdings
Withdrawn status Lost status Damaged status Not for loan Home library Current library Shelving location Date acquired Total checkouts Full call number Barcode Date last seen Copy number Price effective from Koha item type
        Naharkatiya College Library Naharkatiya College Library General stacks 09/19/2020   954.025 | SHA 3422 09/19/2020 1 09/19/2020 Books
        Naharkatiya College Library Naharkatiya College Library General stacks 09/19/2020   954.025 | SHA 3423 09/19/2020 3 09/19/2020 Books
        Naharkatiya College Library Naharkatiya College Library General stacks 09/19/2020   954.025 | SHA 3424 09/19/2020 2 09/19/2020 Books